Quizzes
Events
Quiz Creation
Community
Videos
Private Events
Remove Ads
Sign In
Join for FREE
Feedback
Dark Mode
Quiz Categories
Sports
Geography
Music
Movies
Television
Just For Fun
Miscellaneous
History
Literature
Language
Science
Gaming
Entertainment
Religion
Holiday
For Kids
Quiz Lab
Recent
Popular Today
Quiz Kudos Today
Editor Picks
Curator Picks
Quizzes by...
Day
Popularity
Type
Ratings
Length
Year
Community
Subscriptions
Recent Discussions
Orange Saloon
Badges
Playlists
Quests
Create
Leaderboards
Showdown
Live 5
Trivia Bingo
Activity
Puzzle Library
Sporcle Events
Private Events
Virtual Trivia
Globe League
Become a Host
Pub Owners
SporcleCon
Opinionation
Our Games
Videos
Blog
Mobile Apps
Partnerships
Remove Ads and Go Orange
Feedback
Sports
Athletes
MLB
NBA
NHL
NFL
Soccer
Sports Teams
WWE
NCAA
Football
Premier League
Basketball
Baseball
Hockey
Golf
Tennis
Cricket
Rugby
Auto Racing
Olympics
World Cup
Sports
Athletes
MLB
NBA
NHL
NFL
Soccer
Sports Teams
WWE
NCAA
Football
Premier League
Basketball
Baseball
Hockey
Golf
Tennis
Cricket
Rugby
Auto Racing
Olympics
World Cup
Random Quiz
Search Sporcle
×
Quiz Lab
Quiz Lab
Sports
NFL
Type in answers that appear in a list
Type in answers that appear in a list
Classic
Best Score? Go Orange.
Projected starting Running backs Stats
Can you name the Projected starting Running backs?
By
floydeep
4m
34 Questions
18 Plays
18 Plays
18 Plays
Comments
Comments
Give Quiz Kudos
Give Quiz Kudos
-
- Ratings
hide this ad
Forced Order
Answers have to be entered in order
Answers have to be entered in order
Replay
Link that replays current quiz
Next Quiz
Link to next quiz in quiz playlist
You Got
0%
They Got
Avg Score
48%
Avg Friend Score
Upgrade to see
Score Distribution
Jump to the score distribution portion of the page
Score
0/34
Timer
04:00
0
Plays Today
Team
Player
% Correct
Arizona Cardinals
David Johnson
94.4%
Buffalo Bills
LeSean McCoy
72.2%
Los Angeles Rams
Todd Gurley
72.2%
Cincinnati Bengals
Jeremy Hill
66.7%
Cleveland Browns
Isaiah Crowell
66.7%
Indianapolis Colts
Frank Gore
66.7%
Los Angeles Chargers
Melvin Gordon
66.7%
Atlanta Falcons
Devonte Freeman
61.1%
Chicago Bears
Jordan Howard
61.1%
Houston Texans
Lamar Miller
61.1%
Kansas City Chiefs
Spencer Ware
61.1%
Miami Dolpins
Jay Ajayi
61.1%
Carolina Panthers
Jonathan Stewart
55.6%
Dallas Cowboys
Darren McFadden
55.6%
New Orleans Saints
Mark Ingram
55.6%
Green Bay Packers
Ty Montgomery
50%
Jacksonville Jaguars
Leonard Fournette
50%
Team
Player
% Correct
New York Jets
Matt Forte
50%
Oakland Raiders
Marshawn Lynch
50%
Detroit Lions
Ameer Abdullah
44.4%
Pittsburgh Steelers
Le'Veon Bell
44.4%
Tennessee Titans
DeMarco Murray
44.4%
San Francisco 49ers
Carlos Hyde
38.9%
Seattle Seahawks
Eddie Lacy
38.9%
Seattle Seahawks
Thomas Rawls
38.9%
New York Giants
Paul Perkins
38.9%
Minnesota Vikings
Latavius Murray
33.3%
Philadelphia Eagles
LeGarrette Blount
33.3%
Tampa Bay Buccaneers
Doug Martin
33.3%
Denver Broncos
Jamaal Charles
27.8%
Washington Redskins
Rob Kelley
27.8%
Baltimore Ravens
Lorenzo Taliaferro
16.7%
New England Patriots
Matt Forte
11.1%
5.6%
Quiz Playlist
Details
Report
Send in Message
Add To Playlist
Classic:
Type in answers that appear in a list
Forced Order:
Answers have to be entered in order
Last Updated: Aug 24, 2017
Quiz Scoreboard
CHALLENGE
Sign Up to Join the Scoreboard
Show All
Scores
Hide
Comments
May contain spoilers
Recently Published
Billboard Blitz: Fleetwood Mac
by CooCooCachoo
Music
15s
Presidents Visiting Landmarks
by Hejman
History
7m
An Introduction to Baseball
by treessimontrees
Sports
5m
More to Explore
Quiz From the Vault
Featured Blog Post
Where Did the Easter Bunny Come From?
hide this ad
You Might Also Like...
Tags
NFL Quiz
Today's Top Quizzes in Sports
Browse Sports
hide this ad
Today's Top Quizzes in NFL
Browse NFL
Top Contributed Quizzes in Sports
1
Les meilleurs buteurs des matchs entre le PSG et l’OM
2
2022 World Cup Stars
3
FIFA Club World Cup Champions
4
Les entraîneurs de l'OM et du PSG au 21e siècle
5
Criteria MLB: Left Handed Sluggers
6
Name the Premier League winners with different clubs
7
5-to-1: UK Sports Teams
8
AFC Teams Reveal (Wrong Answers Minefield)
9
Players with Multiple 50 Home Run Seasons
10
5-to-1: FBS Animal Nicknames
Explore More
Trending Topics
Disney
Kpop
NBA
Harry Potter
Crossword
Anime
Marvel
Pokémon
Soccer
Song
Puzzle
The Office
Country
WWE
NFL
hide this ad
More By:
floydeep
Quiz
Plays
Rating
Category
Featured
Created
Stating NBA Small Forwads 2013
359
2.00
Sports
Nov 10, 2013
Projected Starting WRs 2016
199
1.00
Sports
Aug 18, 2016
Expected Starting NFL Reciever Tandems 2013
152
1.00
Sports
Aug 13, 2013
Projected starting QB's 2016
147
1.00
Sports
Aug 18, 2016
Expected Starting NFL RB's 2013
138
1.00
Sports
Aug 13, 2013
Go to Creator's Profile
Score Distribution
Quiz Creator Spotlight
floydeep
Follow
Send a Message
Quizzes Created
-
Created Quiz Play Count
-
More By This Creator
Popular Quizzes Today
1
Find the US States - No Outlines Minefield
2
Find the Countries of Europe - No Outlines Minefield
3
The Countries of the World
4
Find the US States
5
US States
6
Risky Map Clicking: Biggest States A-Z
7
Popular People in 1961
8
Movies - When Are They Set?
More Sports Quizzes
NBA Team Logic Puzzle
Quiz Lab
Trending Quizzes
Risky Map Clicking: Least Populous States A-Z
1-10 Letter G Words
1-10 Letter F Words
Risky Map Clicking: Next State Alphabetically
Risky Map Clicking: Biggest States A-Z
Recently Updated
Leaping Animals
pecheneg
Reality TV Shows (A-Z)
bhenderson79
Rickey Henderson's Hall of Fame Teammates
pecheneg
Champions League XIs: Arsenal
pecheneg
Quick Pick: Celebrities in WWE's Hall of Fame
aduchscher
A-Z Keypad Blitz II
pecheneg
Multiple Oscar Actors
pecheneg
Mystery Phrase Blitz: Oscar 'Best Actors'
pecheneg
F. Scott Fitzgerald Novels
LTH
Pick 3 Villains
ddd62291
Trending Topics
NBA
Kpop
Disney
Crossword
Harry Potter
Anime
Marvel
NFL
Puzzle
Soccer
Song
The Office
Country
Pokémon
WWE
Your Account Isn't Verified!
In order to create a playlist on Sporcle, you need to verify the email address you used during registration. Go to your
Sporcle Settings
to finish the process.
Report this User
Report this user for behavior that violates our
Community Guidelines
.
Details:
Send Report
Go to the Sporcle.com Mobile Site →
Comments